000 00272nam a2200109Ia 4500
008 200302s9999 xx 000 0 und d
100 _aAllan Konya
245 _aLibraries A Briefing and Design Guide
260 _bThe Architectural Press
260 _c1986
300 _a182 P.,
999 _c751
_d751